Valuation in practice (Record no. 120576)
[ view plain ]
| 000 -LEADER | |
|---|---|
| fixed length control field | 00825cam a2200205 4500 |
| 001 - CONTROL NUMBER | |
| control field | L136369 |
| 008 - FIXED-LENGTH DATA ELEMENTS--GENERAL INFORMATION | |
| fixed length control field | 070129n 000 0 eng u |
| 035 ## - SYSTEM CONTROL NUMBER | |
| System control number | (Sirsi) u136369 |
| 041 0# - LANGUAGE CODE | |
| Language code of text/sound track or separate title | eng |
| 110 2# - MAIN ENTRY--CORPORATE NAME | |
| Corporate name or jurisdiction name as entry element | Valuation Tribunal Service |
| 9 (RLIN) | 5108 |
| 245 00 - TITLE STATEMENT | |
| Title | Valuation in practice |
| 490 #0 - SERIES STATEMENT | |
| Series statement | Valuation in Practice |
| 490 #0 - SERIES STATEMENT | |
| Series statement | Valuation in Practice |
| 520 ## - SUMMARY, ETC. | |
| Summary, etc. | Series of newsletter containing news and reports from events relating to valuation tribunals. Includes discussions on recent legal cases and legislation, and changes in taxes and rates. |
| 590 ## - LOCAL NOTE (RLIN) | |
| Local note | KA |
| 651 #4 - SUBJECT ADDED ENTRY--GEOGRAPHIC NAME | |
| Geographic name | England |
| Chronological subdivision | 886- |
| 690 ## - LOCAL SUBJECT ADDED ENTRY--TOPICAL TERM (OCLC, RLIN) | |
| Topical term or geographic name as entry element | PROPERTY-PROPERTY APPRAISAL AND VALUATION |
| 856 40 - ELECTRONIC LOCATION AND ACCESS | |
| Uniform Resource Identifier | <a href="https://valuationtribunal.gov.uk/about-vts/valuation-in-practice/">https://valuationtribunal.gov.uk/about-vts/valuation-in-practice/</a> |
| Public note | View the website free of charge at www.valuation-tribunals.gov.uk... |
| 942 ## - ADDED ENTRY ELEMENTS (KOHA) | |
| Suppress in OPAC | 0 |
| Source of classification or shelving scheme | Dewey Decimal Classification |
| Withdrawn status | Lost status | Source of classification or shelving scheme | Damaged status | Not for loan | Home library | Current library | Shelving location | Date acquired | Total Checkouts | Full call number | Barcode | Date last seen | Copy number | Price effective from | Koha item type |
|---|---|---|---|---|---|---|---|---|---|---|---|---|---|---|---|
| Dewey Decimal Classification | Virtual | Virtual | Online | 29/01/2007 | WEBSITE | 136369-1001 | 06/08/2019 | 1 | 06/08/2019 | Online material |